Tratamiento digital de la señal: una introducción experimental

שמור ב:
מידע ביבליוגרפי
Main Authors: Mariño Acebal, José B. (autor), Vallverdú Bayés, Francesc (Author), Rodríguez Fonollosa, José A (Author), Moreno Bilbao, Asunción (Author)
פורמט: ספר
שפה:ספרדית
יצא לאור: Ciudad de México Alfaomega 1999
מהדורה:2a. ed
נושאים:
תגים: הוספת תג
אין תגיות, היה/י הראשונ/ה לתייג את הרשומה!

MARC

LEADER 00000nam a2200000 a 4500
001 UCP7145
003 CL-VaPUC
008 991203e19990000MX |||||||||||||||||spa|d
082 0 4 |a 621.382  |b MAR  |2 21 
100 |a Mariño Acebal, José B.  |e autor  |9 436548 
700 0 |a Vallverdú Bayés, Francesc  |e author  |9 436549 
700 0 |a Rodríguez Fonollosa, José A  |e author  |9 436550 
700 0 |a Moreno Bilbao, Asunción  |e author  |9 436551 
245 1 0 |a Tratamiento digital de la señal: una introducción experimental 
250 |a 2a. ed 
300 |a 342 p 
942 |c BK 
945 |d 19991203 00:00:00  |a rbrito 
260 |a Ciudad de México  |b Alfaomega  |c 1999 
500 |a Incluye diskette 
650 0 |a Análisis de señal   |9 434181 
650 7 |a SISTEMAS DE COMUNICACIONES  |2 CL-VaPUC  |9 408830 
650 7 |a COMUNICACIONES  |2 CL-VaPUC  |9 260778 
650 0 |a Sistemas lineales   |9 384816 
650 7 |a DISEÑO DE FILTRO  |2 CL-VaPUC  |9 436552 
650 7 |a SEÑAL DIGITAL  |2 CL-VaPUC  |9 436553 
583 |a last modification  |c 19991203 00:00:00  |k Rodrigo Vera 
999 |c 284460  |d 284458 
952 |0 0  |1 0  |4 0  |6 621_382000000000000_MAR_1999  |7 0  |8 A  |9 328522  |a BIBING  |b BIBING  |d 2019-11-20  |i 3581098  |o 621.382 MAR 1999  |p 3581098  |r 2025-01-20  |w 2019-11-20  |y BK  |k EIE 
952 |0 0  |1 0  |4 0  |6 621_382000000000000_MAR_1999  |7 0  |8 A  |9 328523  |a BIBING  |b BIBING  |d 2019-11-20  |i 4188829  |o 621.382 MAR 1999  |p 4188829  |r 2025-01-20  |w 2019-11-20  |y BK  |k EIE